Labour : Journal of canadian labour studies = Le travail : Revue D'etudes ouvrieres canadiennes
Đã lưu trong:
| 格式: | 图书 |
|---|---|
| 语言: | Undetermined |
| 出版: |
Ontario, Canada
CCLH
1999
|
| 主题: | |
| 标签: |
添加标签
没有标签, 成为第一个标记此记录!
|
| Thư viện lưu trữ: | Trung tâm Học liệu Trường Đại học Cần Thơ |
|---|
| LEADER | 00496nam a2200169Ia 4500 | ||
|---|---|---|---|
| 001 | CTU_41255 | ||
| 008 | 210402s9999 xx 000 0 und d | ||
| 082 | |a 331.05 | ||
| 082 | |b L125 | ||
| 245 | 0 | |a Labour : | |
| 245 | 0 | |b Journal of canadian labour studies = Le travail : Revue D'etudes ouvrieres canadiennes | |
| 260 | |a Ontario, Canada | ||
| 260 | |b CCLH | ||
| 260 | |c 1999 | ||
| 650 | |a Labor economics | ||
| 904 | |i Minh, Huỳnh Mai | ||
| 980 | |a Trung tâm Học liệu Trường Đại học Cần Thơ | ||